Les 10 jeux les plus joués - Statistiques

Statistiques générales
  • Ce quiz a été pris 34 fois
  • Le résultat moyen est 3 sur 10
Statistiques - réponses
nombre de ventes Jeu % Correct
~ 300 millions Minecraft
85%
~ 200millions GTA V
78%
~ 520 millions Tetris
44%
~ 58 millions Super Mario Bros.
30%
~ 65 millions Red Dead Rédemption 2
19%
~ 70millions Mario Kart 8 Deluxe
11%
~50 millions The witcher 3
11%
~ 75 millions PUBG
7%
~30 millions Skyrim
0%
~ 58,7 millions Terraria
0%
Aucun quiz correspondant
Distribution des résultats
% des personnes avec chaque résultat
Percentile par nombre de réponses
Votre historique - résultats
Vous n’avez pas pris ce quiz